000 00312nam a2200121Ia 4500
008 190216s9999||||xx |||||||||||||| ||und||
100 _aMax J Wasserman & Charls E Hultman
245 0 _aModern International Economics
260 _bEurasia Pub-Ltd
_c1970
300 _a494p
650 _aEconomics
942 _cBK
999 _c9804
_d9804